000 01063nam a2200361 a 4500
003 AR-BaBNM
005 20251128204838.0
008 082120s2002 ||||||||||||||000 | spa||
020 _a950-614-418-2
040 _cAR-BaBNM
100 1 _aBusaniche, José Luis
245 0 0 _aEstampas del pasado
_blecturas de historia argentina. 2
260 _aBuenos Aires
_bHyspamérica
_c1986
300 _a525 p.
_bil.
490 0 _aBiblioteca argentina de historia y política
_vv. 39
650 4 _aHISTORIA ARGENTINA
650 4 _aANTROPOLOGIA CULTURAL Y SOCIAL
650 4 _aCOSTUMBRES Y TRADICIONES
650 4 _aPERIODO INDEPENDIENTE
650 4 _aROSAS Y SU TIEMPO
650 4 _aCAMPAÑA DEL DESIERTO
650 4 _aORGANIZACION NACIONAL
650 4 _aHISTORIA DEL TRANSPORTE
650 4 _aHISTORIA DE LAS COMUNICACIONES
650 4 _aABORIGENES ARGENTINOS
650 4 _aHISTORIA CULTURAL
650 4 _aVIDA SOCIAL
650 4 _aCIUDADES
650 4 _aMEDIO RURAL
800 1 _aCostantini, Pablo
_edirector
942 _cBK
998 _cEnrique
999 _c9015
_d9015